| 000 | 00735nam0a22002411 4500 | ||
|---|---|---|---|
| 001 | rc\84241 | ||
| 005 | 20250620173848.0 | ||
| 035 | _a(NLR Aleph) 005352738 | ||
| 090 |
_a6814627 _c6814627 |
||
| 100 | _a20021216d1993 |||y0rusy50 ca | ||
| 101 | 0 | _arus | |
| 102 | _aRU | ||
| 105 | _ay ||||||||| | ||
| 200 | 1 |
_aОпыт несостоявшегося советчика _fАссоц. "О-во и политика" |
|
| 210 |
_aПятигорск _cРоссика _d1993 |
||
| 215 |
_a91 с. _d21 |
||
| 300 | _aС автогр. авт. | ||
| 700 | 1 |
_aПисигин _bВ.Ф. _f1957- _gВалерий Фридрихович |
|
| 801 | 0 |
_aRU _bNLR _gpsbo |
|
| 801 | 1 |
_aRU _bELAR _2rusmarc |
|
| 852 |
_aNLR _j93-4/9735 |
||
| 942 | _cBOOK | ||
| 980 | _aNB | ||